<?xml version="1.0" encoding="UTF-8"?>
<record
    xmlns:xsi="http://www.w3.org/2001/XMLSchema-instance"
    xsi:schemaLocation="http://www.loc.gov/MARC21/slim http://www.loc.gov/standards/marcxml/schema/MARC21slim.xsd"
    xmlns="http://www.loc.gov/MARC21/slim">

  <leader>01733nam a22002177a 4500</leader>
  <controlfield tag="005">20220420154130.0</controlfield>
  <controlfield tag="008">220311b           ||||| |||| 00| 0 eng d</controlfield>
  <datafield tag="020" ind1=" " ind2=" ">
    <subfield code="a">9781446201589</subfield>
  </datafield>
  <datafield tag="040" ind1=" " ind2=" ">
    <subfield code="c">AL</subfield>
  </datafield>
  <datafield tag="041" ind1=" " ind2=" ">
    <subfield code="a">eng</subfield>
  </datafield>
  <datafield tag="082" ind1=" " ind2=" ">
    <subfield code="2">23</subfield>
    <subfield code="a">070.449303625</subfield>
    <subfield code="b">FREM</subfield>
  </datafield>
  <datafield tag="100" ind1=" " ind2=" ">
    <subfield code="a">Des Freedman </subfield>
    <subfield code="9">23365</subfield>
  </datafield>
  <datafield tag="245" ind1=" " ind2=" ">
    <subfield code="a">Media ad terrorism </subfield>
    <subfield code="b">:Global perspectives </subfield>
  </datafield>
  <datafield tag="260" ind1=" " ind2=" ">
    <subfield code="a">London</subfield>
    <subfield code="b">SAGE</subfield>
    <subfield code="c">2012</subfield>
  </datafield>
  <datafield tag="300" ind1=" " ind2=" ">
    <subfield code="a">xiii,24p.</subfield>
    <subfield code="b">PB</subfield>
    <subfield code="c">24x17cm.</subfield>
  </datafield>
  <datafield tag="365" ind1=" " ind2=" ">
    <subfield code="2">General</subfield>
    <subfield code="a">VBI-1347</subfield>
    <subfield code="b">&#x20B9;3163.05</subfield>
    <subfield code="c">&#x20B9;</subfield>
    <subfield code="d">&#x20B9;4217.40</subfield>
    <subfield code="e">25%</subfield>
    <subfield code="f">21/02/2022</subfield>
  </datafield>
  <datafield tag="520" ind1=" " ind2=" ">
    <subfield code="a">This is an excellent source which puts students in the heart of the contemporary discussion and encourages them to form opinions. It is a great resource for seminars as well as gateways to research.- Paul Matthews, University College Birmingham."An excellent text that covers not only how the media cover acts of terrorism but also how terror groups can manipulate the media.".-David Lowe, Liverpool John Moores University.Have the media contributed to exacerbating the political, cultural and religious divides within Western societies and the world at large? How can media be deployed to enrich, not inhibit, dialogue? To what extent has the media, in all its forms, questioned, celebrated or simply accepted the unleashing of a &#x2032;war on terror&#x2032;?Media and Terrorism: Global Perspectives brings together leading scholars to explore how the world&#x2032;s media have influenced, and in turn, been influenced by terrorism and the war on terror in the aftermath of 9/11. Accessible and user-friendly with lively and current case studies, it is an essential handbook on the dynamics of war and the media in a global context.
</subfield>
  </datafield>
  <datafield tag="650" ind1=" " ind2=" ">
    <subfield code="a">Media</subfield>
    <subfield code="9">23366</subfield>
  </datafield>
  <datafield tag="700" ind1=" " ind2=" ">
    <subfield code="a">Thussu, Daya Kishan</subfield>
    <subfield code="9">23367</subfield>
  </datafield>
  <datafield tag="942" ind1=" " ind2=" ">
    <subfield code="2">ddc</subfield>
    <subfield code="c">BK</subfield>
  </datafield>
  <datafield tag="999" ind1=" " ind2=" ">
    <subfield code="c">221823</subfield>
    <subfield code="d">221823</subfield>
  </datafield>
  <datafield tag="952" ind1=" " ind2=" ">
    <subfield code="0">0</subfield>
    <subfield code="1">0</subfield>
    <subfield code="2">ddc</subfield>
    <subfield code="4">0</subfield>
    <subfield code="7">0</subfield>
    <subfield code="8">MAJMC</subfield>
    <subfield code="a">SACPG</subfield>
    <subfield code="b">SACPG</subfield>
    <subfield code="d">2022-03-07</subfield>
    <subfield code="e">Vidyarthi Books</subfield>
    <subfield code="g">3163.05</subfield>
    <subfield code="l">0</subfield>
    <subfield code="o">070.449303625 FREM</subfield>
    <subfield code="p">PG023730</subfield>
    <subfield code="r">2022-08-24 00:00:00</subfield>
    <subfield code="v">4217.40</subfield>
    <subfield code="w">2022-02-21</subfield>
    <subfield code="y">BK</subfield>
  </datafield>
</record>
